000 00753nam a2200217 a 4500
001 58708
003 BD-RjUL
005 20211209080641.0
008 161219s1954 mau 0 eng d
035 _a(BD-RjUL)58832
035 _a841779
040 _aNUN
_beng
_cNUN
_dNUN
041 _aeng
082 0 4 _a331.120973
_223
_bBAL 1954
100 1 _aBakke, Edward Wight.
_9174501
245 1 0 _aLabor mobility and economic opportunity /
_cessays by E.W.Bakke and others. Sponsored by the Committee on Labor Market Research of the Social Science Research Council.
260 _aCamb., Mass. :
_bTechnology Press of M.I.T.,
_c1954 ;
_aN.Y. :
_bWiley.
300 _a118 p. ;
_c23 cm.
650 0 _aLabor mobility
_zUnited States.
_9174502
942 _2ddc
_cBK
999 _c58708
_d58708